| 000 | 00598nam a22001931a 4500 | ||
|---|---|---|---|
| 001 | 19291 | ||
| 003 | OSt | ||
| 005 | 20260204212447.0 | ||
| 008 | 190405s2017||||sp ||||||b||||||||||spa|| | ||
| 020 | _a9788417079154 | ||
| 082 | _a428 W453g | ||
| 100 | _aWells, Herbert George | ||
| 245 | _aLa guerra de los mundos(the war of the worlds)/Herbert George Wells(1866-1946);traductor,Benjamin Briggent | ||
| 264 | _aBarcelona,España : Plutón | ||
| 300 | _a318 páginas | ||
| 500 | _aClásicos/Bilingues | ||
| 650 | _a1.Inglés-español 2.Literatura aplicada 3.BilinguismoÌ | ||
| 942 |
_2ddc _cBK |
||
| 999 |
_c19291 _d19291 |
||